000 00628nam a22002297a 4500
003 UA-OsUOA
001 22067
007 ta
008 20031216b un ||||| |||| 00| 0 ukr d
100 _aБезтелесна Л.
090 _a658
_bБ40
942 _cSA
040 _aUA-OsUOA
_bukr
_cUA-OsUOA
_dUA-OsUOA
245 _aПідприємництво у контексті людського розвитку
300 _aС.62-69
955 _a0
041 _aukr
080 _a658
044 _aUA
773 0 _w0
_tЕкономіка України
_dК.
_d2003
_g№12
650 7 _aЕкономіка України
_2UDC
999 _c308280
_d308280